Giáo dục nhân cách cho tuổi trẻ

Sách giúp cho các bậc phụ huynh trong việc giáo dục con trẻ để có được một nhân cách tốt, lành mạnh.

Shranjeno v:
Bibliografske podrobnosti
Glavni avtor: Phan, Hà Sơn
Format: Knjiga
Jezik:Undetermined
Izdano: Hà Nội Nhà xuất bản Hà Nội 2006
Teme:
Oznake: Označite
Brez oznak, prvi označite!
Thư viện lưu trữ: Trung tâm Học liệu Trường Đại học Cần Thơ
LEADER 00763nam a2200217Ia 4500
001 CTU_120630
008 210402s9999 xx 000 0 und d
020 |c 20500 
082 |a 370.114 
082 |b S464/T.1 
100 |a Phan, Hà Sơn 
245 0 |a Giáo dục nhân cách cho tuổi trẻ 
245 0 |c Phan Hà Sơn 
260 |a Hà Nội 
260 |b Nhà xuất bản Hà Nội 
260 |c 2006 
520 |a Sách giúp cho các bậc phụ huynh trong việc giáo dục con trẻ để có được một nhân cách tốt, lành mạnh. 
650 |a Education,Personality,Child education 
650 |x Aims and objectives 
904 |i Minh 
980 |a Trung tâm Học liệu Trường Đại học Cần Thơ